Statistics for Madagascar: Escape 2 Africa Characters

Click here to take the quiz!

General Stats

  • This quiz has been taken 43 times
  • The average score is 14 of 19

Answer Stats

Actor/ActressCharacter DescriptionCharacters% Correct
Ben StillerA lion who escaped from New YorkAlex
100%
Jada Pinkett SmithA hippo who escaped from New YorkGloria
97%
Chris RockA zebra who escaped from New YorkMarty
97%
David SchwimmerA giraffe who escaped from New YorkMelman
95%
Andy RichterAn adorable Goodman's mouse lemurMort
90%
Sacha Baron CohenA ring-tailed lemur from Madagascar who thinks he is the kingKing Julien
87%
John DiMaggioA penguin who expresses himself through grunts and squeaksRico
85%
Cedric the EntertainerAn aye-aye from Madagascar who is the royal advisor of the aboveMaurice
82%
will.i.amThe male hippo who likes GloriaMoto Moto
82%
Tom McGrathThe leader of the penguinsSkipper
82%
Christopher KnightsA penguin who has a lazy eyePrivate
79%
Chris MillerA penguin and the right hand of the aboveKowalski
77%
NoneThe monkey who can't talkPhil
74%
Alec BaldwinThe lion who wants to take over the lion prideMakunga
67%
Elisa GabrielliThe old woman who beat up Alex and Makunga, but was fought by the penguinsNana
64%
Conrad VernonThe monkey who can talkMason
56%
Bernie MacThe leader of the lion pride and the father of AlexZuba
56%
Fred TatascioreThe very strong lion and a friend of MakungaTeetsi
31%
Sherri ShepherdThe mother of AlexFlorrie
23%

Score Distribution

Percentile by Number Answered

Percent of People with Each Score

Your Score History

You have not taken this quiz